[Event "Xtracon Chess Open 2019"]
[Site "Helsingor DEN"]
[Date "2019.07.26"]
[Round "8.159"]
[White "Kristensen, Thomas Overgaard"]
[Black "Rempe, Mieke"]
[Result "0-1"]
[WhiteElo "1700"]
[BlackElo "1558"]
[WhiteFideId "1419803"]
[BlackFideId "16202384"]
[EventDate "2019.07.20"]

1. d4 Nf6 2. c4 e6 3. Nc3 Bb4 4. e3 d5 5. a3 Bxc3+ 6. bxc3 O-O 7. Bd3 Nc6 8. Ne2
e5 9. cxd5 Qxd5 10. e4 Nxe4 11. c4 Qa5+ 12. Kf1 Nf6 13. d5 e4 14. Bc2 Ne5 15.
Qd4 Re8 16. Ng3 c5 17. Qe3 Nxc4 18. Qe2 Qc3 19. Rb1 Bg4 20. Qe1 Qxc2 0-1

[Event "Xtracon Chess Open 2019"]
[Site "Helsingor DEN"]
[Date "2019.07.26"]
[Round "8.160"]
[White "Joensen, Sigurd"]
[Black "Jensen, Torben W."]
[Result "1/2-1/2"]
[WhiteElo "1532"]
[BlackElo "1693"]
[WhiteFideId "7200935"]
[BlackFideId "1515942"]
[EventDate "2019.07.20"]

1. e4 c5 2. d3 g6 3. f4 Nc6 4. c3 d5 5. e5 h5 6. Nf3 Bg4 7. Nbd2 e6 8. h3 Bxf3
9. Nxf3 Be7 10. Be3 d4 11. Bf2 Qa5 12. Qd2 dxc3 13. bxc3 Rd8 14. Be2 Nh6 15. O-O
Qc7 16. Qc2 Nf5 17. Rfd1 Qb8 18. Rab1 b6 19. Qa4 Qc7 20. d4 O-O 21. Bd3 Na5 22.
Be4 Rc8 23. d5 exd5 24. Bxf5 gxf5 25. Rxd5 Rcd8 26. Rbd1 Qc6 27. Qxc6 Nxc6 28.
Bh4 Rxd5 29. Rxd5 Rd8 30. Rxd8+ Bxd8 31. Bxd8 Nxd8 32. Nh4 Ne6 33. g3 Ng7 34.
Kf2 Kf8 35. Ke3 Ke7 36. Kd3 Ke6 37. Kc4 Ne8 38. Nf3 f6 39. Kb5 Nc7+ 40. Kc4 Nd5
41. exf6 Nxf6 42. Nd2 Kd6 43. Nf1 Ne4 44. Kd3 b5 45. h4 a5 46. c4 b4 47. Kc2 a4
48. Kb2 Ke6 49. a3 b3 50. Ka1 Kd6 51. Kb2 Kc6 52. Ka1 Nd6 53. Ne3 Kd7 54. Kb2
Ke6 55. Kc1 Ne4 56. Nf1 Nf2 57. Ne3 Nd3+ 58. Kb1 Ne1 59. Kb2 Nd3+ 60. Kb1 Nf2
61. Kb2 Ne4 62. Nf1 Kd6 63. Ka1 Kc6 64. Kb2 Kd7 65. Ka1 Ke6 66. Kb2 Kd6 67. Ka1
Nc3 68. Ne3 Ke6 69. Kb2 1/2-1/2

[Event "Xtracon Chess Open 2019"]
[Site "Helsingor DEN"]
[Date "2019.07.26"]
[Round "8.161"]
[White "Starup, Leo"]
[Black "Nielsen, Peter"]
[Result "0-1"]
[WhiteElo "1556"]
[BlackElo "1686"]
[WhiteFideId "1422669"]
[BlackFideId "1707485"]
[EventDate "2019.07.20"]

1. e4 c5 2. c3 d5 3. exd5 Qxd5 4. Nf3 e5 5. d3 Nc6 6. Qc2 Bf5 7. Nbd2 O-O-O 8.
a4 Be7 9. Nc4 Qxc4 10. a5 Bxd3 11. Bxd3 Qxd3 12. Qb3 Nf6 13. a6 b6 14. Qxf7 Qd1# 0-1

[Event "Xtracon Chess Open 2019"]
[Site "Helsingor DEN"]
[Date "2019.07.26"]
[Round "8.162"]
[White "Gottschalck, Christian"]
[Black "Lalla, Karol"]
[Result "1-0"]
[WhiteElo "1684"]
[BlackElo "1534"]
[WhiteFideId "1428357"]
[BlackFideId "12947407"]
[EventDate "2019.07.20"]

1. e4 d5 2. Nc3 d4 3. Nce2 e5 4. Ng3 Nf6 5. Bc4 Bg4 6. f3 Bd7 7. a3 Be7 8. d3 c5
9. N1e2 Nc6 10. O-O Rc8 11. h3 Na5 12. Ba2 b5 13. f4 Bd6 14. fxe5 Bxe5 15. Bf4
Qc7 16. Qd2 O-O 17. Bxe5 Qxe5 18. Qxa5 Nh5 19. Nxh5 Qxh5 20. Nf4 Qh4 21. Qe1 Qg5
22. Rf3 Rc6 23. Qg3 Qh6 24. Bd5 Rf6 25. e5 Rf5 26. Re1 g5 27. e6 Be8 28. e7 1-0

[Event "Xtracon Chess Open 2019"]
[Site "Helsingor DEN"]
[Date "2019.07.26"]
[Round "8.163"]
[White "Harders, Poul Erik"]
[Black "Madsen, Dennis"]
[Result "1-0"]
[WhiteElo "1676"]
[BlackElo "1529"]
[WhiteFideId "1416251"]
[BlackFideId "1425919"]
[EventDate "2019.07.20"]

1. d4 g6 2. c4 Bg7 3. e4 d6 4. Nc3 Nh6 5. h3 f5 6. Nf3 fxe4 7. Nxe4 O-O 8. Be2
Nf7 9. Be3 Bf5 10. O-O Nc6 11. Ng3 Bd7 12. Qd2 e5 13. d5 Ne7 14. c5 Nf5 15. Nxf5
Bxf5 16. Rac1 h6 17. cxd6 cxd6 18. Rc4 e4 19. Nd4 Ne5 20. Rb4 Qd7 21. Bxh6 Bxh6
22. Qxh6 Rf7 23. Rb3 Rh7 24. Qf4 Rf8 25. Nxf5 Rxf5 26. Qc1 Nf3+ 27. Bxf3 exf3
28. Rc3 Rf8 29. Qg5 Kg7 30. Re1 Kh8 31. Re6 fxg2 32. Qxg6 Rg7 33. Qh5+ Rh7 34.
Qg4 Rg7 35. Rh6+ Kg8 36. Qh5 Rh7 37. Rg3+ Kh8 38. Rxh7+ Qxh7 39. Qxh7+ Kxh7 40.
Re3 Rf5 41. Rd3 Kh6 42. Kxg2 Re5 43. Rd2 Kg5 44. Kg3 Kf5 45. h4 Kg6 46. f4 Re1
47. Kf2 Rh1 48. Kg2 Rxh4 49. Kg3 Kh5 50. Re2 Rg4+ 1-0

[Event "Xtracon Chess Open 2019"]
[Site "Helsingor DEN"]
[Date "2019.07.26"]
[Round "8.164"]
[White "Pihl, William"]
[Black "Morling, Aase"]
[Result "1-0"]
[WhiteElo "1669"]
[BlackElo "1470"]
[WhiteFideId "1467310"]
[BlackFideId "1440993"]
[EventDate "2019.07.20"]

1. e4 e5 2. Nc3 Nf6 3. Bc4 Nxe4 4. Qh5 Qf6 5. Nxe4 Qg6 6. Qxg6 hxg6 7. Ng5 f6 8.
N5f3 Nc6 9. d3 d6 10. Ne2 Bg4 11. Bd2 Bxf3 12. gxf3 g5 13. O-O-O a6 14. Rde1
O-O-O 15. Bd5 Ne7 16. Nc3 c6 17. Be6+ Kb8 18. Be3 d5 19. Bc5 Ng6 20. Bxf8 Rdxf8
21. Na4 Nf4 22. Nc5 Kc7 23. d4 Re8 24. Bf5 Re7 25. Nd3 Nxd3+ 26. Bxd3 Kd6 27.
dxe5+ Rxe5 28. Rxe5 Kxe5 29. Re1+ Kd6 30. c4 Rxh2 31. cxd5 Kxd5 32. Re7 Rxf2 33.
Be4+ Kd6 34. Rxb7 f5 35. Bxf5 Rxf3 36. Bg4 Rf4 37. Be2 a5 38. Rxg7 Rf2 39. Bg4
Rg2 40. Rxg5 c5 41. Rg6+ Ke5 42. Bh5 Rh2 43. Bd1 Kd4 44. Ra6 Rh1 45. Rxa5 c4 46.
Kd2 Rh2+ 47. Be2 Rh1 48. Ra4 Ke5 49. Rxc4 Rb1 50. Kc2 Re1 51. Bd3 Kd5 52. a4 Ra1
53. b3 Ra2+ 54. Kb1 Rd2 55. Be4+ Ke5 56. a5 Rd1+ 57. Kb2 Rd2+ 58. Bc2 Rd6 59. b4
Kd5 60. Bb3 Ke5 61. b5 Rd2+ 62. Ka3 Kd6 63. a6 Re2 64. a7 Re1 65. a8=Q Ra1+ 66.
Ba2 1-0

[Event "Xtracon Chess Open 2019"]
[Site "Helsingor DEN"]
[Date "2019.07.26"]
[Round "8.165"]
[White "Rostrup, Nicolai"]
[Black "Gaure, Sigurd Lauvas"]
[Result "0-1"]
[WhiteElo "1462"]
[BlackElo "1657"]
[WhiteFideId "1445073"]
[BlackFideId "1524933"]
[EventDate "2019.07.20"]

1. e4 c5 2. d4 cxd4 3. c3 g6 4. Qxd4 Nf6 5. e5 Nc6 6. Qf4 Nd5 7. Qe4 Nc7 8. Bf4
Bg7 9. Bg3 O-O 10. f4 d6 11. Nf3 Bg4 12. Na3 f5 13. Qc4+ Kh8 14. O-O-O Na5 15.
Qa4 Nc6 16. Bh4 Qe8 17. exd6 exd6 18. Re1 Qf7 19. Bc4 d5 20. Bb5 Bxf3 21. gxf3
d4 22. Bc4 Qd7 23. Re7 Qd6 24. Rxg7 Qxf4+ 25. Kb1 Kxg7 26. Bg3 Qxf3 27. Rf1 Qe4+
28. Qc2 Ne8 29. Re1 Qxc2+ 30. Kxc2 Nf6 31. Nb5 dxc3 32. Nxc3 Rfe8 33. Rd1 Rad8
34. Nd5 Nxd5 35. Bxd5 Rxd5 0-1

[Event "Xtracon Chess Open 2019"]
[Site "Helsingor DEN"]
[Date "2019.07.26"]
[Round "8.166"]
[White "Eiding, Amanda Mai Irgens"]
[Black "Bredeli, Havard Iversen"]
[Result "1-0"]
[WhiteElo "1633"]
[BlackElo "1397"]
[WhiteFideId "1549499"]
[BlackFideId "1514440"]
[EventDate "2019.07.20"]

1. e4 e6 2. d4 d5 3. Nd2 Nf6 4. e5 Nfd7 5. Bd3 c5 6. c3 Nc6 7. Ne2 cxd4 8. cxd4
Qb6 9. Nf3 Bb4+ 10. Bd2 O-O 11. O-O Bxd2 12. Qxd2 f6 13. exf6 Nxf6 14. Rac1 Bd7
15. Bb1 Qb4 16. Nc3 Rac8 17. Rfe1 Nd8 18. a3 Qe7 19. Ba2 h6 20. Nxd5 Nxd5 21.
Rxc8 Bxc8 22. Bxd5 Qf6 23. Ba2 Kh8 24. Bb1 Nf7 25. Qc2 1-0

[Event "Xtracon Chess Open 2019"]
[Site "Helsingor DEN"]
[Date "2019.07.26"]
[Round "8.167"]
[White "Nielsen, Pia"]
[Black "Willard, Hakan"]
[Result "0-1"]
[WhiteElo "1365"]
[BlackElo "1614"]
[WhiteFideId "1409700"]
[BlackFideId "1733621"]
[EventDate "2019.07.20"]

1. Nf3 Nf6 2. c4 c5 3. Nc3 Nc6 4. g3 e5 5. d3 h6 6. Bg2 d6 7. O-O Be7 8. e4 O-O
9. Qc2 Nd4 10. Nxd4 cxd4 11. Nd5 Nxd5 12. cxd5 Bd7 13. Qe2 f5 14. f4 fxe4 15.
Bxe4 Bh3 16. Rf2 Qd7 17. f5 Bxf5 18. Qh5 Bxe4 19. dxe4 Rxf2 20. Kxf2 Rf8+ 21.
Kg2 Rf6 22. a4 Bf8 23. Qe2 g6 24. Ra3 Qc7 25. Ra1 Kh7 26. Rb1 Rf7 27. Qd3 Qa5
28. Bd2 Qxa4 29. h3 Qe8 30. g4 Qe7 31. Qg3 Qf6 32. h4 Qg7 33. g5 h5 34. Ba5 Rf4
35. Qd3 Qd7 36. Be1 Qg4+ 37. Bg3 Rxe4 38. Rf1 Bg7 39. Rf2 Re3 40. Qb5 Rxg3+ 41.
Kf1 Rg1# 0-1

[Event "Xtracon Chess Open 2019"]
[Site "Helsingor DEN"]
[Date "2019.07.26"]
[Round "8.169"]
[White "Storme, Joel"]
[Black "Linjord, David Jess"]
[Result "0-1"]
[WhiteElo "1448"]
[BlackElo "1701"]
[WhiteFideId "1749021"]
[BlackFideId "1527690"]
[EventDate "2019.07.20"]

1. e4 e5 2. Nf3 Nf6 3. Nxe5 d6 4. Nf3 Nxe4 5. Bc4 d5 6. Qe2 Be7 7. Bb3 O-O 8.
O-O c5 9. a3 Nc6 10. d3 Nf6 11. Bg5 Bg4 12. h3 Nd4 13. Qe3 Nxf3+ 14. gxf3 Bxh3
15. Re1 Re8 16. Ba4 Bd7 17. Bxd7 Qxd7 18. Bxf6 Bxf6 19. Qc1 Qh3 20. Nc3 Be5 21.
Rxe5 Rxe5 22. Qf4 Rh5 0-1

[Event "Xtracon Chess Open 2019"]
[Site "Helsingor DEN"]
[Date "2019.07.26"]
[Round "8.170"]
[White "Petersen, Jan"]
[Black "Schick, Matheo"]
[Result "1-0"]
[WhiteElo "1660"]
[BlackElo "1451"]
[WhiteFideId "1426320"]
[BlackFideId "1545280"]
[EventDate "2019.07.20"]

1. d4 d5 2. c4 e6 3. Nc3 Nf6 4. Nf3 Be7 5. Bg5 O-O 6. e3 h6 7. Bh4 b6 8. Bd3 Bb7
9. cxd5 Nxd5 10. Bg3 c5 11. O-O cxd4 12. Nxd5 Bxd5 13. Nxd4 Bd6 14. Bxd6 Qxd6
15. Qe2 Nd7 16. Nb5 Qe5 17. f4 Qb8 18. e4 Bb7 19. Rac1 Rc8 20. e5 Nc5 21. Nd6
Rd8 22. Rfd1 a5 23. Bb5 Bd5 24. Bc4 Bb7 25. Qh5 Qc7 26. a3 Qe7 27. Bd3 Bd5 28.
Bc4 Bxc4 29. Rxc4 Nb7 30. Rcd4 Nxd6 31. exd6 Qd7 32. R1d2 Rac8 33. Qd1 Rc5 34.
b4 axb4 35. axb4 Rc3 36. h3 Rdc8 37. Kh2 R3c4 38. Rxc4 Rxc4 39. Rd4 Rxd4 40.
Qxd4 b5 41. Qb6 Kf8 42. Qb8+ Qe8 43. Qc7 1-0

[Event "Xtracon Chess Open 2019"]
[Site "Helsingor DEN"]
[Date "2019.07.26"]
[Round "8.171"]
[White "Mielow, Bjarne"]
[Black "Weersing, Nathan"]
[Result "0-1"]
[WhiteElo "1638"]
[BlackElo "1388"]
[WhiteFideId "1415484"]
[BlackFideId "467936"]
[EventDate "2019.07.20"]

1. Nf3 Nf6 2. g3 g6 3. Bg2 Bg7 4. c3 d6 5. d3 O-O 6. O-O Nbd7 7. Nbd2 c5 8. Re1
Re8 9. e4 e5 10. Nc4 Qc7 11. Qb3 Rb8 12. Ng5 Rf8 13. Ne3 a6 14. a4 b5 15. axb5
axb5 16. Qd1 Bb7 17. b4 h6 18. Nf3 cxb4 19. cxb4 Nb6 20. Qb3 Rbd8 21. Bd2 d5 22.
Rec1 Qd6 23. exd5 Nbxd5 24. Rc5 Nxe3 25. Bxe3 Qxd3 26. Qxd3 Rxd3 27. Rxe5 Bxf3
28. Bxf3 Ne8 29. Rd1 Rxd1+ 30. Bxd1 Bxe5 31. Bxh6 Ng7 32. Be3 Rc8 33. Be2 Nf5
34. Bb6 Nd4 35. Bg4 f5 36. Bh3 Nf3+ 37. Kg2 Ng5 38. Bxf5 gxf5 39. f4 Rc2+ 40.
Kf1 Rxh2 41. fxe5 Kf7 42. Be3 Ne4 43. Kg1 Re2 44. Bf4 Rb2 0-1

[Event "Xtracon Chess Open 2019"]
[Site "Helsingor DEN"]
[Date "2019.07.26"]
[Round "8.172"]
[White "Eiholt, Bjarne"]
[Black "Jensen, Johannes Frank"]
[Result "0-1"]
[WhiteElo "1558"]
[BlackElo "1347"]
[WhiteFideId "1411225"]
[BlackFideId "1457942"]
[EventDate "2019.07.20"]

1. d4 Nf6 2. c4 e5 3. dxe5 Ng4 4. Nf3 Nc6 5. Bf4 Bb4+ 6. Nbd2 Qe7 7. a3 Ngxe5 8.
e3 Nxf3+ 9. gxf3 Bxd2+ 10. Qxd2 Ne5 11. Be2 d6 12. Bg3 O-O 13. h4 Be6 14. Qc3
Qf6 15. Bf4 a5 16. e4 Nd7 17. Qd2 Nc5 18. Bg5 Nb3 19. Qc2 Nd4 20. Qd3 Qe5 21. f4
Qc5 22. Bf1 Bg4 23. Rg1 Nf3+ 0-1

[Event "Xtracon Chess Open 2019"]
[Site "Helsingor DEN"]
[Date "2019.07.26"]
[Round "8.173"]
[White "Gjelstrup, Ole"]
[Black "Mansoor, Areeb"]
[Result "1-0"]
[WhiteElo "1544"]
[BlackElo "1183"]
[WhiteFideId "1413481"]
[BlackFideId "1535870"]
[EventDate "2019.07.20"]

1. e4 e5 2. Ne2 Nf6 3. f4 exf4 4. Nxf4 Nxe4 5. Qe2 Qe7 6. Nd5 Qe5 7. Nbc3 c6 8.
Nc7+ Qxc7 9. Qxe4+ Be7 10. d4 d5 11. Qf3 Nd7 12. Bf4 Qb6 13. O-O-O Nf6 14. Qe3
Be6 15. Be2 O-O 16. h3 Rfe8 17. g4 Bb4 18. Be5 Bxc3 19. Qxc3 Ne4 20. Qe1 f6 21.
Bf4 Rad8 22. Qg1 Qa5 23. a3 b5 24. Rd3 Nd6 25. Bd2 Qc7 26. Rf3 Ne4 27. Bf4 Qe7
28. h4 g5 29. hxg5 fxg5 30. Be5 a5 31. Rfh3 a4 32. Rxh7 Qxh7 33. Rxh7 Kxh7 34.
Qh2+ Kg6 35. Qh5# 1-0

[Event "Xtracon Chess Open 2019"]
[Site "Helsingor DEN"]
[Date "2019.07.26"]
[Round "8.174"]
[White "Hein, Jacob"]
[Black "Gade, Jens"]
[Result "0-1"]
[WhiteElo "1422"]
[BlackElo "1528"]
[WhiteFideId "1402870"]
[BlackFideId "1416111"]
[EventDate "2019.07.20"]

1. Nf3 Nf6 2. g3 g6 3. b3 Bg7 4. Bb2 Nc6 5. Bg2 O-O 6. Nc3 d6 7. O-O Re8 8. h3
Bd7 9. a3 a6 10. Ra2 e5 11. e3 Rb8 12. Qa1 Be6 13. Rd1 Qe7 14. Ne2 Rbd8 15. d4
exd4 16. Nfxd4 Nxd4 17. Nxd4 c6 18. Nxe6 Qxe6 19. c4 Nh5 20. Bd4 Bxd4 21. Qxd4
Ng7 22. Rad2 Nf5 23. Qf4 Qe5 24. Qf3 Ng7 25. Rd4 f5 26. Qe2 Ne6 27. f4 Nxd4 28.
fxe5 Nxe2+ 29. Kf2 Nc3 30. Rxd6 Rxd6 31. exd6 Ne4+ 32. Bxe4 fxe4 33. Ke2 Rd8 34.
c5 a5 35. Kd2 b6 36. b4 bxc5 37. bxc5 Kf7 38. Kc3 Ke6 39. Kd4 Rb8 40. Kxe4 Rb3
41. Kf4 h6 42. g4 Rxa3 43. h4 Ra4+ 44. e4 Rc4 45. g5 h5 46. Ke3 Rxc5 47. Kd4 Rc1
48. e5 a4 49. Kd3 a3 50. Kd2 Rc5 0-1

[Event "Xtracon Chess Open 2019"]
[Site "Helsingor DEN"]
[Date "2019.07.26"]
[Round "8.175"]
[White "Linjord, Anders Jess"]
[Black "Rempe, Janne"]
[Result "1-0"]
[WhiteElo "1222"]
[BlackElo "1594"]
[WhiteFideId "1530020"]
[BlackFideId "16202392"]
[EventDate "2019.07.20"]

1. c4 d6 2. Nc3 Nf6 3. Nf3 Nbd7 4. d4 e5 5. dxe5 dxe5 6. Bg5 Be7 7. e3 O-O 8.
Be2 c6 9. O-O Qc7 10. Qc2 Nc5 11. Bxf6 Bxf6 12. Bd3 Nxd3 13. Qxd3 Bg4 14. Nd2
Rad8 15. Qc2 b5 16. cxb5 cxb5 17. Nde4 Be7 18. a3 a5 19. Rac1 Rc8 20. Qd2 Qb7
21. Nd6 Rcd8 22. Nxb7 Rxd2 23. Rb1 b4 24. axb4 axb4 25. Ne4 Rd7 26. Na5 Bf5 27.
f3 Bxe4 28. fxe4 Bc5 29. Rfe1 f5 30. exf5 Rxf5 31. Nc6 Rd3 32. Kh1 Rf2 33. Nxe5
Rxe3 34. Rxe3 Bxe3 35. Nd3 Rd2 36. Nxb4 Bd4 37. b3 Kf7 38. Nc6 Bb6 39. Ne5+ Ke6
40. Nc4 Rd6 41. Nxd6 Kxd6 42. Rc1 Kd5 43. h3 Be3 44. Rc7 Bd4 45. b4 h6 46. b5 g5
47. g4 Kd6 48. Rc6+ Kd5 49. Kg2 Be3 50. Kf3 Bd4 51. Kg3 Be5+ 52. Kf3 Bd4 53.
Rxh6 Kc5 54. b6 Be5 55. Ke4 Bd6 56. Rxd6 Kxd6 57. Kf5 Kc6 58. Kxg5 Kxb6 59. Kf6 1-0

[Event "Xtracon Chess Open 2019"]
[Site "Helsingor DEN"]
[Date "2019.07.26"]
[Round "8.176"]
[White "Thybo, Jan"]
[Black "Jensen, Jonbert M. S."]
[Result "0-1"]
[WhiteElo "1316"]
[BlackElo "1461"]
[WhiteFideId "1438824"]
[BlackFideId "1435914"]
[EventDate "2019.07.20"]

1. e4 e5 2. f4 exf4 3. Nf3 d6 4. Bc4 Be6 5. Bxe6 fxe6 6. d4 Be7 7. Bxf4 Nd7 8.
Nc3 g5 9. Be3 g4 10. Nd2 h5 11. O-O Bg5 12. Bxg5 Qxg5 13. e5 d5 14. Qe2 a6 15.
Qf2 O-O-O 16. Nb3 Nh6 17. Ne2 Rdf8 18. Nf4 Qg8 19. Qh4 Nf5 20. Qe1 h4 21. Qc3
Rh7 22. Nc5 Nxc5 23. dxc5 c6 24. Qb3 h3 25. g3 Nd4 26. Qd3 Nf5 27. Rad1 Rd7 28.
Nh5 Rdd8 29. Nf6 Qg5 30. Rf4 Rf7 31. Rxg4 Qe3+ 32. Kf1 Qxc5 33. Re1 Rh8 34. Qc3
Qb5+ 35. Re2 Rg7 36. Ke1 Rxg4 37. Nxg4 Qb6 38. Ne3 Nxe3 39. Qxe3 Qxb2 40. Qa7
Qc1+ 0-1

[Event "Xtracon Chess Open 2019"]
[Site "Helsingor DEN"]
[Date "2019.07.26"]
[Round "8.177"]
[White "Krabbenhoft, Soren"]
[Black "Rempe, Lennik"]
[Result "1-0"]
[WhiteElo "1456"]
[BlackElo "1147"]
[WhiteFideId "1449117"]
[BlackFideId "16248031"]
[EventDate "2019.07.20"]

1. d4 d5 2. Bf4 Nf6 3. h3 e6 4. Nf3 Be7 5. e3 O-O 6. Nbd2 Nbd7 7. Bd3 b6 8. c4
Bb7 9. O-O Rc8 10. Rc1 c5 11. b3 dxc4 12. Nxc4 Ne4 13. Ncd2 f5 14. Bc4 Rf6 15.
Ne5 Nxe5 16. Bxe5 Rg6 17. Nf3 Bd6 18. Bxd6 Qxd6 19. Nh4 Rh6 20. Nxf5 Qc6 21.
Nxh6+ gxh6 22. Qg4+ Kf7 23. Rfd1 Rg8 24. Qf4+ Ke8 25. d5 Qd7 26. Qxe4 Qg7 27.
Qxe6+ Kd8 28. g3 Bc8 29. Qd6+ Bd7 30. Bb5 h5 31. Qxd7+ Qxd7 32. Bxd7 Kxd7 33.
Rc4 Rg5 34. Rf4 Kd6 35. Rf7 Rxd5 36. Rxd5+ Kxd5 37. Rxa7 b5 38. Rd7+ Ke4 1-0

[Event "Xtracon Chess Open 2019"]
[Site "Helsingor DEN"]
[Date "2019.07.26"]
[Round "8.178"]
[White "Hinrichs, Kurt"]
[Black "Johansen, Paul Ivar"]
[Result "1-0"]
[WhiteElo "1225"]
[BlackElo "1205"]
[WhiteFideId "12994057"]
[BlackFideId "1508024"]
[EventDate "2019.07.20"]

1. d4 Nf6 2. Bf4 c5 3. Nf3 cxd4 4. Nxd4 d5 5. e3 Nc6 6. Nb5 e5 7. Bg3 Bb4+ 8. c3
Ne4 9. cxb4 Nxg3 10. hxg3 Nxb4 11. Qa4 Nc6 12. Qh4 Qa5+ 13. N1c3 O-O 14. Be2 a6
15. Qxh7# 1-0

[Event "Xtracon Chess Open 2019"]
[Site "Helsingor DEN"]
[Date "2019.07.27"]
[Round "9.70"]
[White "Arndt, Uwe"]
[Black "Gregor, Bjarke"]
[Result "1/2-1/2"]
[WhiteElo "1922"]
[BlackElo "2064"]
[WhiteFideId "24647713"]
[BlackFideId "1423401"]
[EventDate "2019.07.20"]

1. d4 Nf6 2. c4 e6 3. Nf3 b6 4. g3 Ba6 5. Qa4 Bb7 6. Bg2 c5 7. dxc5 Bxc5 8. Nc3
O-O 9. O-O Be7 10. Qc2 d6 11. Rd1 a6 12. b3 Qc7 13. e4 Nbd7 14. Nd4 Rac8 15. Ba3
b5 16. Ndxb5 axb5 17. Nxb5 Qb8 18. Bxd6 Bxd6 19. Nxd6 Rc7 20. Nxb7 Rxb7 21. e5
Nxe5 22. f4 Neg4 23. Rd3 Qa7+ 24. c5 Rc7 25. b4 Nd7 26. Rc3 Rb8 27. h3 Rxb4 28.
hxg4 Rxc5 29. Qf2 Rb2 30. Qd4 Rb4 31. Qe3 Qc7 32. Rxc5 Qxc5 33. Qxc5 Nxc5 34.
Rc1 Rb5 35. a4 Ra5 36. Rc4 Kf8 37. Bc6 Ke7 38. Bb5 Kd6 39. Kf2 f6 40. Ke3 e5 41.
g5 Kd5 42. gxf6 gxf6 43. fxe5 fxe5 44. Rh4 Ke6 45. Rxh7 Nxa4 1/2-1/2

[Event "Xtracon Chess Open 2019"]
[Site "Helsingor DEN"]
[Date "2019.07.27"]
[Round "9.80"]
[White "Grove, Peter"]
[Black "Green, Per"]
[Result "1-0"]
[WhiteElo "2239"]
[BlackElo "1959"]
[WhiteFideId "1411101"]
[BlackFideId "1703811"]
[EventDate "2019.07.20"]

1. e4 c5 2. Nf3 e6 3. b3 b6 4. g3 Bb7 5. Qe2 Nc6 6. Bg2 Nf6 7. O-O d6 8. Bb2 Be7
9. Na3 e5 10. c3 O-O 11. Nc2 a5 12. Rfe1 a4 13. d4 axb3 14. axb3 Qc7 15. Ne3
Rxa1 16. Bxa1 Ra8 17. dxe5 Nxe5 18. Nxe5 dxe5 19. Nd5 Bxd5 20. exd5 Bd6 21. c4
Re8 22. Bh3 g6 23. Qa2 Nh5 24. Qa4 Ng7 25. f4 f6 26. Be6+ Kf8 27. fxe5 Rxe6 28.
dxe6 fxe5 29. Rf1+ Nf5 30. g4 e4 31. Qa2 Bf4 32. gxf5 Be3+ 33. Kh1 1-0

[Event "Xtracon Chess Open 2019"]
[Site "Helsingor DEN"]
[Date "2019.07.27"]
[Round "9.81"]
[White "Carnstam, Tomas"]
[Black "Eriksson, Jorgen"]
[Result "0-1"]
[WhiteElo "1967"]
[BlackElo "2211"]
[WhiteFideId "1707221"]
[BlackFideId "1701967"]
[EventDate "2019.07.20"]

1. b3 e5 2. Bb2 Nc6 3. e3 Nf6 4. Bb5 Bd6 5. Nh3 a6 6. Be2 Be7 7. f4 d6 8. Nf2
exf4 9. exf4 d5 10. Bf3 O-O 11. O-O Bc5 12. d4 Bb6 13. c3 Re8 14. Nd2 Ne7 15. g4
c5 16. dxc5 Bxc5 17. Kh1 Be3 18. Nd3 Nc6 19. Re1 Nxg4 20. Bxg4 Bxg4 21. Qxg4
Bxd2 22. Rg1 Qf6 23. c4 d4 24. Rad1 Be3 25. Rg3 Qg6 26. Rf1 Qxg4 27. Rxg4 f5 28.
Rg5 g6 29. Nc5 Re7 30. h4 Kf7 31. h5 Ne5 32. fxe5 Bxg5 33. Bxd4 Rd8 34. e6+ Kg8
35. Bc3 Be3 36. Nd7 Rxe6 37. Nf6+ Rxf6 38. Bxf6 Rd2 39. Bc3 Rc2 40. Be5 Rxa2 41.
Re1 f4 42. hxg6 hxg6 43. Rf1 g5 44. Bf6 g4 0-1

[Event "Xtracon Chess Open 2019"]
[Site "Helsingor DEN"]
[Date "2019.07.27"]
[Round "9.82"]
[White "Kvaloy, Aksel Bu"]
[Black "Nielsen, Aage Sondergaard"]
[Result "1-0"]
[WhiteElo "2205"]
[BlackElo "1936"]
[WhiteFideId "1528815"]
[BlackFideId "1409859"]
[EventDate "2019.07.20"]

1. e4 e6 2. d4 d5 3. Nd2 Nf6 4. e5 Nfd7 5. Bd3 c5 6. c3 Nc6 7. Ngf3 Be7 8. O-O
Qc7 9. a3 b6 10. b4 c4 11. Bc2 Bb7 12. Re1 O-O-O 13. Nf1 Rdg8 14. Bg5 Nf8 15.
Ng3 h5 16. h4 f6 17. Bd2 Kb8 18. Qc1 Ka8 19. b5 Na5 20. Bf4 Qd8 21. exf6 gxf6
22. Ne2 Bc8 23. Bg3 Bd6 24. Bxd6 Qxd6 25. Nf4 Rg4 26. g3 Bd7 27. a4 Be8 28. Qe3
Rhg8 29. Kf1 Bf7 30. Re2 Nb7 31. Rae1 Nd8 32. Nh2 R4g7 33. Qf3 Ng6 34. Bxg6 Bxg6
35. Nxg6 Rxg6 36. Qxh5 Rxg3 37. fxg3 Qxg3 38. Nf3 Rg4 39. Rf2 e5 40. dxe5 d4 41.
Qf5 Kb8 42. exf6 Rf4 43. Qe5+ Kc8 44. cxd4 Nf7 45. Qe6+ Kc7 46. Qxf7+ 1-0

[Event "Xtracon Chess Open 2019"]
[Site "Helsingor DEN"]
[Date "2019.07.27"]
[Round "9.83"]
[White "Pedersen, Lars Foldager"]
[Black "Liu, Casper"]
[Result "1/2-1/2"]
[WhiteElo "1967"]
[BlackElo "2194"]
[WhiteFideId "1417649"]
[BlackFideId "1454153"]
[EventDate "2019.07.20"]

1. Nf3 d5 2. g3 c6 3. Bg2 Bg4 4. O-O e6 5. b3 Be7 6. Bb2 Bf6 7. d4 Nd7 8. Nbd2
c5 9. e4 cxd4 10. exd5 e5 11. Qe1 Ne7 12. Nxd4 O-O 13. d6 Nc8 14. Nb5 Rb8 15.
Ne4 Qb6 16. a4 Bd8 17. c4 f5 18. a5 Qa6 19. Nc7 Bxc7 20. dxc7 Ra8 21. Ng5 e4 22.
Nxe4 fxe4 23. Qxe4 Be6 24. Qxb7 Qxb7 25. Bxb7 Nd6 26. Bxa8 Rxa8 27. Rad1 Ne8 28.
Rfe1 Kf7 29. Ba3 Ndf6 30. f4 g6 31. Rd8 Nxc7 32. Rxa8 Nxa8 33. Bd6 Ne8 34. Bb8
a6 35. b4 Bxc4 36. Rc1 Bb5 37. Rc8 Ke7 38. Be5 Nac7 39. Bxc7 Kd7 40. Ra8 Nxc7
41. Rh8 h5 42. f5 gxf5 43. Rxh5 Ke6 44. g4 fxg4 45. Rg5 Be2 46. Kf2 Bd1 47. Rc5
Kd6 48. Rc1 Bb3 49. Kg3 Be6 50. Re1 Nd5 51. Re4 Nf6 52. Rd4+ Ke5 53. Rd8 Bc4 1/2-1/2